000 01336nam0a22002891 4500
001 RU\NLR\INFOCOMM_253\5000048820
005 20250613100640.0
035 _a(NLR Aleph) 009353920
090 _a7819748
_c7819748
100 _a20101122d1967 |||y0rusy50 ca
101 0 _aspa
102 _aRU
105 _aa ||||000|y
200 1 _aPruebas rápidas de campo de los minerales metalíferos por medio del análisis fluorescentes radiográfico de radioisótopos
_e[Conferencia dada en el Seminario interregional de la ONU por los métodos modernos de exploración de los minerales útiles sólidos con tendéncia de subrayar los métodos geofísicos, que ha tenido lugar en Moscú en julio de 1967]
_fM. I. Gallagher
210 _aМ.
_d1967
215 _a37 с.
_cграфик.
_d20 см
309 _aОтпеч. множит. аппаратом
320 _aБиблиогр.: с. 35-37
686 _aГн-150
_2rubbk
700 1 _9z01790
_aGallagher
_bM. J.
_4070
712 0 2 _aNaciones Unidas
_bSeminario interregional por los métodos modernos de exploración de los minerales útiles sólidos con tendéncia de subrayar los métodos geofísicos
_eMoscú
_f1967
_4570
790 1 _9z01700
_aGallagher
_bM. I.
_4070
801 1 _aRU
_bNLR
_c20101122
801 0 _aRU
_bNLR
_gPSBO
852 _aNLR
_jГн01 Д-4/46
942 _cBOOK
980 _aNB